[Event "84th DEN-ch"]
[Site "Koege DEN"]
[Date "2005.03.20"]
[Round "1.1"]
[White "Bekker-Jensen, Simon"]
[Black "Aagaard, Jacob"]
[WhiteElo "2379"]
[BlackElo "2451"]
[Result "0-1"]
[EventDate "2005.03.20"]
[PlyCount "98"]
[Source "ChessBase"]
[SourceDate "2005.05.01"]

1. d4 Nf6 2. c4 e6 3. Nc3 Bb4 4. e3 d5 5. Qa4+ Nc6 6. a3 Be7 7. Nf3 O-O 8. Bd3
dxc4 9. Bxc4 a6 10. O-O Bd6 11. Rd1 Qe8 12. e4 e5 13. Nxe5 Bxe5 14. dxe5 Qxe5
15. Be2 b5 16. Qc2 Nd4 17. Qd3 c5 18. f4 Qe8 19. h3 Bb7 20. e5 Rd8 21. Kf2 Qc6
22. Bf3 Nxf3 23. Qxf3 Ne4+ 24. Nxe4 Rxd1 25. Qxd1 Qxe4 26. Qf3 Qc2+ 27. Qe2
Qxe2+ 28. Kxe2 Bxg2 29. Be3 c4 30. h4 Rd8 31. a4 b4 32. Rc1 Be4 33. Bc5 c3 34.
bxc3 b3 35. Ba3 Bc2 36. Bb2 h5 37. Rf1 g6 38. Ra1 a5 39. Ba3 Kg7 40. c4 Rd4 41.
Bb2 Rxf4 42. c5 Rxh4 43. Rf1 Rh2+ 44. Ke3 Bf5 45. Rf2 Rxf2 46. Kxf2 Be4 47. Ke3
Bc6 48. Kf4 h4 49. Kg4 g5 0-1

[Event "84th DEN-ch"]
[Site "Koege DEN"]
[Date "2005.03.21"]
[Round "1.2"]
[White "Aagaard, Jacob"]
[Black "Bekker-Jensen, Simon"]
[WhiteElo "2451"]
[BlackElo "2379"]
[Result "1/2-1/2"]
[EventDate "2005.03.20"]
[PlyCount "83"]
[Source "ChessBase"]
[SourceDate "2005.05.01"]

1. e4 c5 2. Nf3 d6 3. d4 Nf6 4. Nc3 cxd4 5. Nxd4 a6 6. Bg5 e6 7. f4 Be7 8. Qf3
Qc7 9. O-O-O Nbd7 10. g4 O-O 11. Bg2 Nc5 12. Qg3 Bd7 13. Bxf6 Bxf6 14. g5 Bxd4
15. Rxd4 b5 16. f5 Rac8 17. Qxd6 Qxd6 18. Rxd6 b4 19. Ne2 exf5 20. Bh3 Rc6 21.
Rdd1 Rg6 22. Rd5 Nxe4 23. Rxd7 Nf2 24. Nf4 Nxh1 25. Nxg6 hxg6 26. Rd2 Re8 27.
Kd1 Re4 28. Bg2 Rg4 29. Ke1 Rxg5 30. Kf1 Ng3+ 31. hxg3 Rxg3 32. Rd6 f4 33. Bd5
g5 34. Rxa6 g4 35. Rb6 f3 36. Rxb4 Rg2 37. Rf4 Kh7 38. Be4+ Kh6 39. Rxf7 Rh2
40. Bxf3 gxf3 41. Rxf3 Rxc2 42. Rf2 1/2-1/2

[Event "84th DEN-ch"]
[Site "Koege DEN"]
[Date "2005.03.20"]
[Round "1.1"]
[White "Hutters, Tomas"]
[Black "Damm, Kasper Wilken"]
[WhiteElo "2445"]
[BlackElo "2229"]
[Result "1-0"]
[EventDate "2005.03.20"]
[PlyCount "81"]
[Source "ChessBase"]
[SourceDate "2005.05.01"]

1. d4 Nf6 2. c4 g6 3. Nc3 Bg7 4. e4 d6 5. Nf3 O-O 6. h3 c5 7. d5 a6 8. a4 e6 9.
Bd3 exd5 10. cxd5 Re8 11. O-O Nbd7 12. Bf4 Qc7 13. Re1 Rb8 14. Rc1 Nh5 15. Bh2
Ne5 16. Be2 Nf6 17. Nxe5 dxe5 18. Qd2 h5 19. Bc4 Bf8 20. f4 Nd7 21. f5 Qd6 22.
Rf1 Bg7 23. g4 hxg4 24. hxg4 g5 25. Kg2 f6 26. Bg1 Bf8 27. Be3 Re7 28. Rh1 Rg7
29. Kf3 b6 30. Qe2 Ra8 31. Nb1 b5 32. axb5 axb5 33. Bxb5 Ba6 34. Na3 Bxb5 35.
Nxb5 Qb8 36. d6 Ra4 37. Qd1 Rd4 38. Qb3+ c4 39. Rxc4 Rxc4 40. Qxc4+ Rf7 41. Qd5
1-0

[Event "84th DEN-ch"]
[Site "Koege DEN"]
[Date "2005.03.21"]
[Round "1.2"]
[White "Damm, Kasper Wilken"]
[Black "Hutters, Tomas"]
[WhiteElo "2229"]
[BlackElo "2445"]
[Result "0-1"]
[EventDate "2005.03.20"]
[PlyCount "60"]
[Source "ChessBase"]
[SourceDate "2005.05.01"]

1. e4 c5 2. Nf3 d6 3. d4 cxd4 4. Nxd4 Nf6 5. Nc3 e6 6. f4 a6 7. Qf3 Qb6 8. Nb3
Qc7 9. g4 b5 10. Bd3 Bb7 11. g5 b4 12. Nb5 axb5 13. gxf6 Nd7 14. fxg7 Bxg7 15.
Rg1 Bf6 16. Qh5 Bc6 17. e5 dxe5 18. f5 O-O-O 19. fxe6 fxe6 20. a3 e4 21. Be2
Bd5 22. axb4 Qxc2 23. Bd1 Qc4 24. Rg2 Rhg8 25. Na5 Qxb4+ 26. Bd2 Qd4 27. Rc1+
Kb8 28. Nc6+ Bxc6 29. Rxc6 Ne5 30. Qxh7 Nxc6 0-1

[Event "84th DEN-ch"]
[Site "Koege DEN"]
[Date "2005.03.20"]
[Round "1.1"]
[White "Hansen, Sune Berg"]
[Black "El-Kher, Henrik"]
[WhiteElo "2553"]
[BlackElo "2429"]
[Result "1-0"]
[EventDate "2005.03.20"]
[PlyCount "49"]
[Source "ChessBase"]
[SourceDate "2005.05.01"]

1. e4 e6 2. d4 d5 3. Nd2 Nf6 4. e5 Nfd7 5. c3 c5 6. Bd3 b6 7. Nh3 Ba6 8. Bxa6
Nxa6 9. Nf4 Be7 10. h4 cxd4 11. cxd4 Rc8 12. a3 Qc7 13. O-O h5 14. Qe2 Nab8 15.
Nf3 Qc4 16. Qe3 Qc2 17. Nd3 b5 18. Bd2 Qb3 19. Bb4 Nc6 20. Rfc1 Qa4 21. Rc3
Bxb4 22. Nxb4 Ne7 23. Rxc8+ Nxc8 24. Rc1 Ndb6 25. Qg5 1-0

[Event "84th DEN-ch"]
[Site "Koege DEN"]
[Date "2005.03.21"]
[Round "1.2"]
[White "Fries-Nielsen, Jens Ove"]
[Black "Vesterbaek Pedersen, Nicolai"]
[WhiteElo "2394"]
[BlackElo "2460"]
[Result "0-1"]
[EventDate "2005.03.20"]
[PlyCount "60"]
[Source "ChessBase"]
[SourceDate "2005.05.01"]

1. e4 e5 2. Nc3 Nf6 3. f4 d5 4. fxe5 Nxe4 5. Nf3 Be7 6. Qe2 Nxc3 7. dxc3 c5 8.
Qf2 Qb6 9. h4 h6 10. c4 Be6 11. cxd5 Bxd5 12. c4 Be6 13. Be2 Nc6 14. Be3 Nxe5
15. Nxe5 Qxb2 16. Rc1 Qxe5 17. Bf4 Qf6 18. Qg3 Qg6 19. Qf3 Bf5 20. h5 Qe6 21.
O-O O-O 22. Rce1 Bh4 23. g3 Be4 24. Qe3 Bf6 25. Kh2 Bd4 26. Qb3 Qc6 27. Bf3
Rae8 28. Rxe4 Rxe4 29. Qd3 f5 30. Bxe4 Qxe4 0-1

[Event "84th DEN-ch"]
[Site "Koege DEN"]
[Date "2005.03.21"]
[Round "1.2"]
[White "Hansen, Curt"]
[Black "Pedersen, Steffen"]
[WhiteElo "2633"]
[BlackElo "2408"]
[Result "1/2-1/2"]
[EventDate "2005.03.20"]
[PlyCount "82"]
[Source "ChessBase"]
[SourceDate "2005.05.01"]

1. e4 c6 2. d4 d5 3. Nc3 dxe4 4. Nxe4 Bf5 5. Ng3 Bg6 6. h4 h6 7. Nf3 Nd7 8. h5
Bh7 9. Bd3 Bxd3 10. Qxd3 e6 11. Bf4 Ngf6 12. O-O-O Be7 13. Ne5 O-O 14. Qe2 Re8
15. Kb1 Qa5 16. Nxd7 Nxd7 17. Ne4 Qf5 18. Bd6 Nf6 19. Nxf6+ Bxf6 20. g4 Qh7 21.
Be5 Rad8 22. f4 Rd5 23. Bxf6 gxf6 24. f5 Qg7 25. Rhe1 Qf8 26. a3 e5 27. c4 Rdd8
28. dxe5 Rxe5 29. Qf2 Rxe1 30. Rxe1 b6 31. Qe3 Kg7 32. Ka2 Rd7 33. Qc3 Qd8 34.
Re4 Rd3 35. Qe1 Rd1 36. Qe3 Rd3 37. Re8 Qd6 38. Qe7 Rxa3+ 39. bxa3 Qd2+ 40. Kb3
Qd3+ 41. Kb2 Qd2+ 1/2-1/2

[Event "84th DEN-ch"]
[Site "Koege DEN"]
[Date "2005.03.21"]
[Round "1.4"]
[White "Hansen, Curt"]
[Black "Pedersen, Steffen"]
[WhiteElo "2633"]
[BlackElo "2408"]
[Result "1-0"]
[EventDate "2005.03.20"]
[PlyCount "101"]
[Source "ChessBase"]
[SourceDate "2005.05.01"]

1. e4 c6 2. d4 d5 3. Nd2 dxe4 4. Nxe4 Bf5 5. Ng3 Bg6 6. h4 h6 7. Nf3 Nd7 8. h5
Bh7 9. Bd3 Bxd3 10. Qxd3 Ngf6 11. Bf4 Qa5+ 12. Bd2 Qa4 13. b3 Qa3 14. c4 e6 15.
O-O Bb4 16. Bc1 Qa6 17. a3 Bd6 18. Ne4 Nxe4 19. Qxe4 Nf6 20. Qh4 Qa5 21. c5 Be7
22. b4 Qd8 23. Ne5 O-O 24. Be3 Qd5 25. Rfc1 Rfd8 26. a4 Kf8 27. Qf4 Qe4 28.
Qxe4 Nxe4 29. b5 Rdc8 30. Rab1 Bf6 31. bxc6 bxc6 32. Rb7 Bxe5 33. dxe5 Ke8 34.
Rc4 Ng5 35. Rg4 Rab8 36. Rxa7 Ra8 37. Rxa8 Rxa8 38. Bxg5 hxg5 39. Rxg5 Rxa4 40.
Rxg7 Kf8 41. Rg3 Rh4 42. Rg5 f6 43. exf6 Kf7 44. g4 Kxf6 45. Rg6+ Ke5 46. Kg2
Kd5 47. h6 e5 48. Kg3 Rh1 49. g5 Ke4 50. Rxc6 Rg1+ 51. Kh4 1-0

[Event "84th DEN-ch"]
[Site "Koege DEN"]
[Date "2005.03.20"]
[Round "1.1"]
[White "Skytte, Rasmus"]
[Black "Palo, Davor"]
[WhiteElo "2397"]
[BlackElo "2525"]
[Result "1/2-1/2"]
[EventDate "2005.03.20"]
[PlyCount "100"]
[Source "ChessBase"]
[SourceDate "2005.05.01"]

1. e4 c6 2. d4 d5 3. exd5 cxd5 4. c4 Nf6 5. Nc3 Nc6 6. Nf3 Bg4 7. cxd5 Nxd5 8.
Qb3 Bxf3 9. gxf3 Nb6 10. d5 Nd4 11. Qd1 e5 12. dxe6 Nxe6 13. Bb5+ Nd7 14. Be3
Bb4 15. Bxd7+ Qxd7 16. Qxd7+ Kxd7 17. O-O-O+ Kc6 18. Nd5 Bd6 19. Rd3 Rhd8 20.
Rhd1 b6 21. Kb1 Bf8 22. a3 Rac8 23. h4 h5 24. Bg5 Nxg5 25. hxg5 Rd6 26. f4 Kb7
27. f5 Rcd8 28. Kc2 g6 29. fxg6 fxg6 30. Nf4 Rc6+ 31. Kb3 Rxd3+ 32. Rxd3 Be7
33. Rd7+ Rc7 34. Rd5 Kc6 35. Kc4 Bc5 36. Rd3 Rg7 37. a4 Bxf2 38. b4 h4 39. b5+
Kb7 40. Rf3 Bg3 41. Ne6 Rh7 42. Nf8 Rc7+ 43. Kd4 Rg7 44. Kd5 Bc7 45. Ke6 Bd8
46. Ke5 Be7 47. Ne6 Rh7 48. Nf8 Bxf8 49. Rxf8 a6 50. Rf1 axb5 1/2-1/2

[Event "84th DEN-ch"]
[Site "Koege DEN"]
[Date "2005.03.20"]
[Round "1.1"]
[White "Pedersen, Christian Kyndel"]
[Black "Schandorff, Lars"]
[WhiteElo "2396"]
[BlackElo "2497"]
[Result "0-1"]
[EventDate "2005.03.20"]
[PlyCount "72"]
[Source "ChessBase"]
[SourceDate "2005.05.01"]

1. Nf3 Nf6 2. c4 e6 3. Nc3 d5 4. d4 Bb4 5. cxd5 exd5 6. Bg5 h6 7. Bh4 g5 8. Bg3
Ne4 9. Nd2 Nxc3 10. bxc3 Bxc3 11. Rc1 Bb2 12. Bxc7 Qe7 13. Bd6 Qe6 14. Qa4+ Nc6
15. Rc2 Ba1 16. Nb3 Qxd6 17. Nxa1 O-O 18. e3 Bf5 19. Rc5 Rac8 20. Bb5 Nxd4 21.
exd4 Rxc5 22. dxc5 Qe5+ 23. Kd2 Qb2+ 24. Nc2 Bxc2 25. Qxc2 Qxb5 26. Rb1 Qa5+
27. Ke2 Qa6+ 28. Kf3 Qf6+ 29. Ke2 Qe5+ 30. Kf1 Qxh2 31. f3 Re8 32. Qf5 Re6 33.
Qd3 g4 34. Qd4 gxf3 35. gxf3 Qe2+ 36. Kg1 Rg6+ 0-1

[Event "84th DEN-ch"]
[Site "Koege DEN"]
[Date "2005.03.23"]
[Round "2.2"]
[White "Aagaard, Jacob"]
[Black "Hansen, Curt"]
[WhiteElo "2451"]
[BlackElo "2633"]
[Result "1/2-1/2"]
[EventDate "2005.03.20"]
[PlyCount "61"]
[Source "ChessBase"]
[SourceDate "2005.05.01"]

1. e4 e5 2. Nf3 Nc6 3. Bb5 Nf6 4. O-O Nxe4 5. d4 Nd6 6. Bxc6 dxc6 7. dxe5 Nf5
8. Qxd8+ Kxd8 9. Nc3 Ne7 10. b3 Ng6 11. Bb2 Bd7 12. Rad1 Kc8 13. h3 h6 14. Ne2
a5 15. a4 b6 16. Nd2 h5 17. Ne4 h4 18. Ng5 Be7 19. f4 Rf8 20. Nf3 c5 21. Rxd7
Kxd7 22. f5 Nh8 23. Nf4 Kc6 24. e6 fxe6 25. Ne5+ Kb7 26. Nxe6 Rg8 27. Ng4 Nf7
28. Re1 Bf8 29. Kf2 Nd6 30. Re5 Re8 31. f6 1/2-1/2

[Event "84th DEN-ch"]
[Site "Koege DEN"]
[Date "2005.03.22"]
[Round "2.1"]
[White "Hansen, Sune Berg"]
[Black "Hutters, Tomas"]
[WhiteElo "2553"]
[BlackElo "2445"]
[Result "1-0"]
[EventDate "2005.03.20"]
[PlyCount "117"]
[Source "ChessBase"]
[SourceDate "2005.05.01"]

1. e4 c5 2. Nf3 d6 3. d4 cxd4 4. Nxd4 Nf6 5. Nc3 e6 6. Be2 a6 7. O-O Be7 8. f4
O-O 9. Kh1 Qc7 10. a4 Nc6 11. Be3 Nxd4 12. Qxd4 Bd7 13. e5 Ne8 14. Bf3 Bc6 15.
Ne4 Rd8 16. Qc3 Bxe4 17. Bxe4 Rc8 18. Bd4 f5 19. exf6 Bxf6 20. Qh3 Bxd4 21.
Bxh7+ Kf7 22. Rfe1 Qd7 23. f5 e5 24. Bg6+ Ke7 25. Qh4+ Nf6 26. Qxd4 Rxc2 27.
Rad1 Qc7 28. Qe3 Rc4 29. h3 Qc5 30. Qg5 Kd7 31. Bh5 Nxh5 32. Qxh5 Rf4 33. Qg6
R8xf5 34. Qxg7+ Rf7 35. Qg6 R7f6 36. Qg8 Rf8 37. Qb3 Rb4 38. Qg3 Rbf4 39. Kh2
R8f7 40. Qb3 Qb4 41. Qd5 Ke7 42. Rxe5+ Kf8 43. Qxd6+ Qxd6 44. Rxd6 Rxa4 45. Rb6
Rc4 46. Re3 Rc2 47. Rg3 Rd7 48. Rg4 Ke8 49. Rg8+ Kf7 50. Rb8 Rcc7 51. Kg3 Kg7
52. Kh4 Re7 53. g4 Rcd7 54. g5 Kf7 55. Kh5 Kg7 56. h4 Rc7 57. Rg6+ Kf7 58. Rh8
a5 59. Kh6 1-0

[Event "84th DEN-ch"]
[Site "Koege DEN"]
[Date "2005.03.23"]
[Round "2.2"]
[White "Vesterbaek Pedersen, Nicolai"]
[Black "Palo, Davor"]
[WhiteElo "2460"]
[BlackElo "2525"]
[Result "1-0"]
[EventDate "2005.03.20"]
[PlyCount "83"]
[Source "ChessBase"]
[SourceDate "2005.05.01"]

1. d4 d5 2. Nf3 Nf6 3. c4 c6 4. e3 a6 5. Bd3 Bg4 6. Nbd2 e6 7. b3 Nbd7 8. Bb2
Bb4 9. a3 Bd6 10. Qc2 Bh5 11. O-O Qb8 12. Rfe1 O-O 13. h3 Bg6 14. e4 dxe4 15.
Nxe4 Nxe4 16. Bxe4 Nf6 17. Bd3 Qc7 18. Rad1 Rad8 19. Bxg6 hxg6 20. Ne5 Rfe8 21.
Qc3 Qe7 22. b4 Qc7 23. Qb3 Ra8 24. Bc3 b5 25. Rc1 bxc4 26. Qxc4 Nd5 27. Bd2
Bxe5 28. dxe5 Rec8 29. Rc2 Qb7 30. Qe4 Rc7 31. Rec1 Rd8 32. Bg5 Rb8 33. Be3 Ra8
34. Rc5 Rd8 35. Bg5 Rdc8 36. Qc2 Qb6 37. h4 Qb7 38. Qe2 Rd7 39. h5 gxh5 40.
Qxh5 Qc7 41. Re1 Rf8 42. Rc4 1-0

[Event "84th DEN-ch"]
[Site "Koege DEN"]
[Date "2005.03.22"]
[Round "2.1"]
[White "Rasmussen, Karsten"]
[Black "Schandorff, Lars"]
[WhiteElo "2462"]
[BlackElo "2497"]
[Result "1/2-1/2"]
[EventDate "2005.03.20"]
[PlyCount "63"]
[Source "ChessBase"]
[SourceDate "2005.05.01"]

1. c4 e6 2. Nf3 Nf6 3. Nc3 d5 4. d4 Bb4 5. cxd5 exd5 6. Bg5 h6 7. Bh4 g5 8. Bg3
Ne4 9. Nd2 Nxc3 10. bxc3 Bxc3 11. Rc1 Bb2 12. Bxc7 Qe7 13. Bd6 Qe6 14. Rb1 Bc3
15. Qc2 Qxd6 16. Qxc3 O-O 17. e3 Bf5 18. Bd3 Rc8 19. Qb3 Bxd3 20. Qxd3 Qa6 21.
Ke2 Rc7 22. Rhc1 Qxd3+ 23. Kxd3 Nc6 24. a3 Rac8 25. Nb3 b6 26. Kd2 f5 27. Rc2
Kf7 28. Rbc1 Ke6 29. Kd3 Kd6 30. f3 Ne7 31. Rxc7 Rxc7 32. Rxc7 1/2-1/2

[Event "84th DEN-ch"]
[Site "Koege DEN"]
[Date "2005.03.23"]
[Round "2.2"]
[White "Schandorff, Lars"]
[Black "Rasmussen, Karsten"]
[WhiteElo "2497"]
[BlackElo "2462"]
[Result "1-0"]
[EventDate "2005.03.20"]
[PlyCount "93"]
[Source "ChessBase"]
[SourceDate "2005.05.01"]

1. d4 d5 2. c4 c6 3. Nf3 Nf6 4. e3 Bf5 5. Nc3 e6 6. Nh4 Bg6 7. Nxg6 hxg6 8. Bd2
Nbd7 9. Rc1 Bd6 10. g3 Qe7 11. Qb3 Rb8 12. Bg2 O-O 13. O-O b5 14. c5 Bc7 15. f4
Ba5 16. Nb1 Qd8 17. Qd3 Nh7 18. b4 Bc7 19. e4 f5 20. e5 a5 21. a3 axb4 22. axb4
Ra8 23. h4 Qb8 24. Bf3 Ra2 25. Bd1 Qa7 26. Bc3 Ra8 27. Bb3 Ra6 28. Bb2 Qb8 29.
Nc3 Bd8 30. Rc2 Be7 31. Rg2 Qf8 32. Bc2 R6a7 33. g4 Nb8 34. Qh3 Na6 35. h5 g5
36. gxf5 Nxb4 37. Bb1 gxf4 38. f6 Nxf6 39. Rxf4 Bxc5 40. dxc5 Qxc5+ 41. Kh1 Ne4
42. Nxe4 dxe4 43. Qxe6+ Kh8 44. h6 Nd3 45. hxg7+ Rxg7 46. Qh6+ Rh7 47. Qxh7+
1-0

[Event "84th DEN-ch"]
[Site "Koege DEN"]
[Date "2005.03.25"]
[Round "3.2"]
[White "Hansen, Curt"]
[Black "Vesterbaek Pedersen, Nicolai"]
[WhiteElo "2633"]
[BlackElo "2460"]
[Result "1/2-1/2"]
[EventDate "2005.03.20"]
[PlyCount "55"]
[Source "ChessBase"]
[SourceDate "2005.05.01"]

1. d4 Nf6 2. Nf3 e6 3. c4 b6 4. g3 Ba6 5. b3 Bb4+ 6. Bd2 Be7 7. Bg2 c6 8. Bc3
d5 9. Nbd2 Nbd7 10. O-O O-O 11. Re1 Bb7 12. e4 Nxe4 13. Nxe4 dxe4 14. Rxe4 c5
15. Re3 Bf6 16. dxc5 Bxc3 17. Rxc3 Nxc5 18. Qe2 Qe7 19. Rd1 Rfd8 20. Rcc1 Rac8
21. Nd4 Bxg2 22. Kxg2 e5 23. Nf5 Qe6 24. Rxd8+ Rxd8 25. Rd1 Re8 26. Nd6 Rd8 27.
Nb5 Re8 28. b4 1/2-1/2

[Event "84th DEN-ch"]
[Site "Koege DEN"]
[Date "2005.03.24"]
[Round "3.1"]
[White "Schandorff, Lars"]
[Black "Hansen, Sune Berg"]
[WhiteElo "2497"]
[BlackElo "2553"]
[Result "1/2-1/2"]
[EventDate "2005.03.20"]
[PlyCount "49"]
[Source "ChessBase"]
[SourceDate "2005.05.01"]

1. d4 Nf6 2. c4 e6 3. Nf3 b6 4. g3 Ba6 5. b3 Bb4+ 6. Bd2 Be7 7. Bg2 d5 8. cxd5
Nxd5 9. Nc3 O-O 10. O-O Nd7 11. Qc2 c5 12. Rfd1 Rc8 13. Qb2 Bb7 14. Rac1 Qe8
15. Nxd5 Bxd5 16. dxc5 Rxc5 17. Rxc5 Nxc5 18. Bc3 f6 19. Bb4 Nd7 20. Bxe7 Qxe7
21. Qd2 Nc5 22. Ne1 Bxg2 23. Nxg2 Rc8 24. Ne3 Rc7 25. f3 1/2-1/2

[Event "84th DEN-ch"]
[Site "Koege DEN"]
[Date "2005.03.25"]
[Round "3.2"]
[White "Hansen, Sune Berg"]
[Black "Schandorff, Lars"]
[WhiteElo "2553"]
[BlackElo "2497"]
[Result "1/2-1/2"]
[EventDate "2005.03.20"]
[PlyCount "72"]
[Source "ChessBase"]
[SourceDate "2005.05.01"]

1. e4 e5 2. Nf3 Nf6 3. Nxe5 d6 4. Nf3 Nxe4 5. d4 d5 6. Bd3 Nc6 7. O-O Be7 8. c4
Nb4 9. Be2 O-O 10. a3 Nc6 11. cxd5 Qxd5 12. Nc3 Nxc3 13. bxc3 Bf5 14. Re1 Rfe8
15. Bf4 Rac8 16. Bd3 Qd7 17. Rb1 Bxd3 18. Qxd3 b6 19. d5 Bf6 20. c4 h6 21. h3
Ne7 22. Ne5 Bxe5 23. Rxe5 Ng6 24. Rxe8+ Rxe8 25. Bg3 Qe7 26. Kh1 Qc5 27. Rb5
Qe7 28. Rb1 Qc5 29. Rb5 Qe7 30. c5 h5 31. cxb6 axb6 32. Qc3 Qe1+ 33. Qxe1 Rxe1+
34. Kh2 Rc1 35. h4 f5 36. Rb4 Rc5 1/2-1/2

[Event "84th DEN-ch"]
[Site "Koege DEN"]
[Date "2005.03.25"]
[Round "3.3"]
[White "Hansen, Sune Berg"]
[Black "Schandorff, Lars"]
[WhiteElo "2553"]
[BlackElo "2497"]
[Result "1-0"]
[EventDate "2005.03.20"]
[PlyCount "73"]
[Source "ChessBase"]
[SourceDate "2005.05.01"]

1. e4 e5 2. Nf3 Nf6 3. Nxe5 d6 4. Nf3 Nxe4 5. d4 d5 6. Bd3 Nc6 7. O-O Be7 8. c4
Nb4 9. Be2 O-O 10. a3 Nc6 11. cxd5 Qxd5 12. Nc3 Nxc3 13. bxc3 Bf5 14. Re1 Rfe8
15. Bf4 Rac8 16. Bd3 Qd7 17. Rb1 Bxd3 18. Qxd3 b6 19. d5 Bf6 20. c4 h6 21. h3
Ne7 22. Ne5 Bxe5 23. Rxe5 Ng6 24. Rxe8+ Rxe8 25. Bg3 Qe7 26. Kh1 Qc5 27. Rb5
Qe7 28. c5 h5 29. d6 cxd6 30. cxb6 Qe1+ 31. Kh2 h4 32. bxa7 hxg3+ 33. Qxg3 Ne5
34. Rb8 Nc6 35. a8=Q Nxb8 36. Qb7 Qe6 37. Qb6 1-0

[Event "84th DEN-ch"]
[Site "Koege DEN"]
[Date "2005.03.25"]
[Round "3.4"]
[White "Schandorff, Lars"]
[Black "Hansen, Sune Berg"]
[WhiteElo "2497"]
[BlackElo "2553"]
[Result "0-1"]
[EventDate "2005.03.20"]
[PlyCount "118"]
[Source "ChessBase"]
[SourceDate "2005.05.01"]

1. d4 Nf6 2. c4 e6 3. Nf3 b6 4. g3 Ba6 5. b3 Bb4+ 6. Bd2 Be7 7. Bg2 d5 8. cxd5
exd5 9. Nc3 O-O 10. O-O Bb7 11. Bf4 Na6 12. Rc1 Re8 13. Ne5 c6 14. e4 Nc7 15.
exd5 cxd5 16. a4 Ne6 17. Be3 Bb4 18. Qd3 a6 19. Bh3 h6 20. f4 Rc8 21. Na2 Bd6
22. Rxc8 Bxc8 23. Bg2 Bb7 24. Rc1 Qe7 25. Bd2 Rc8 26. Rxc8+ Bxc8 27. b4 Bb7 28.
h3 Qe8 29. Nc3 Bxb4 30. Kh2 Bd6 31. Be3 Nc7 32. Qb1 b5 33. axb5 axb5 34. Na4
bxa4 35. Qxb7 a3 36. Bd2 Nb5 37. Nxf7 a2 38. Nxd6 Nxd6 39. Qa6 Nf5 40. Qxa2 Qe2
41. Qa8+ Kh7 42. Bc1 Qf2 43. Qa3 Ne4 44. Qf3 Qxd4 45. Ba3 Nfxg3 46. Be7 Nf5 47.
Bd8 Qf2 48. Qxf2 Nxf2 49. Bxd5 g6 50. Bc7 h5 51. Bb7 Kh6 52. Kg2 Nd3 53. Bc8
Nc5 54. Kf3 Nd4+ 55. Ke3 Nf5+ 56. Kd2 Ne7 57. Bb6 Ne4+ 58. Ke3 Nxc8 59. Bc7
Ned6 0-1